Online
Catalog

Evolución, orientaciones y tendencias de la legislación de la educación superior dominicana / (Record no. 3038)

MARC details
000 -CABECERA
campo de control de longitud fija 02028aam a2200301 a 4500
001 - NÚMERO DE CONTROL
campo de control 000003207
003 - IDENTIFICADOR DEL NÚMERO DE CONTROL
campo de control DO-SdBNP
005 - FECHA Y HORA DE LA ÚLTIMA TRANSACCIÓN
campo de control 20220307102917.0
007 - CAMPO FIJO DE DESCRIPCIÓN FÍSICA--INFORMACIÓN GENERAL
campo de control de longitud fija ta
008 - DATOS DE LONGITUD FIJA--INFORMACIÓN GENERAL
campo de control de longitud fija 040620s2002 dr b 001 0dspa d
020 ## - NÚMERO INTERNACIONAL ESTÁNDAR DEL LIBRO
Número Internacional Estándar del Libro 9993487155
040 ## - FUENTE DE LA CATALOGACIÓN
Centro catalogador/agencia de origen DO-SdBNP
Lengua de catalogación spa
Centro/agencia transcriptor BNPHU
082 ## - NÚMERO DE LA CLASIFICACIÓN DECIMAL DEWEY
Número de clasificación 344.074
Número de documento/Ítem F224e
Número de edición 22
100 10 - ENTRADA PRINCIPAL--NOMBRE DE PERSONA
Nombre de persona Farías Campos, Félix,
Fechas asociadas al nombre 1959-
9 (RLIN) 10131
245 10 - MENCIÓN DE TÍTULO
Título Evolución, orientaciones y tendencias de la legislación de la educación superior dominicana /
Mención de responsabilidad, etc. Félix Farías
260 ## - PUBLICACIÓN, DISTRIBUCIÓN, ETC.
Lugar de publicación, distribución, etc. Santo Domimgo :
Nombre del editor, distribuidor, etc. Unicaribe,
Fecha de publicación, distribución, etc. 2002.
300 ## - DESCRIPCIÓN FÍSICA
Extensión 202 p. ;
Dimensiones 22 cm.
500 ## - NOTA GENERAL
Nota general Incluye índice.
504 ## - NOTA DE BIBLIOGRAFÍA, ETC.
Nota de bibliografía, etc. Bibliografía: p. 63-66.<br/>
505 0# - NOTA DE CONTENIDO CON FORMATO
Nota de contenido con formato Introducción -- Origen del Sistema de Educación Superior Dominicano, 1518-1961 -- Incursión del Sector privado en la Educación Superior Dominicana, 1962-1982 -- Regulación de la Educación Superior Dominicana, 1983-2000 -- Reforma del Sistema de Educación Superior Dominicano, 2001 -- Bibliografía -- Anexos.
505 0# - NOTA DE CONTENIDO CON FORMATO
Nota de contenido con formato Anexos: Decreto 914 que convierte el Instituto Profesional en Universidad Santo Domingo -- Ley 1398 de Organización Universitaria -- Ley 111 sobre Exequátur -- Ley 5778 sobre Autonomía de la UASD -- Ley 6150 que crea la PUCMM -- Ley 292 que ordena la Supresión del Fuero en la UASD -- Ley 273 que regula la educación superior privada -- Ley 236 que modifica la 273 sobre educación superior privada -- Decreto 449 que crea Comisión CONIES -- Ley 14 declara inejecutable bienes universitarios estatales -- Decreto 861 crea Comisión CONES -- Decreto 1255 crea Consejo CONES -- Decreto 259-96 modifica el 1255 del CONES -- Decreto 517-96 modifica el 259-96 -- Ley 139-01 crea la Secretaría de Educación Superior, Ciencia y Tecnología.
590 ## - NOTA LOCAL (RLIN)
Nota local Inventariado,2018/DG
650 4# - PUNTO DE ACCESO ADICIONAL DE MATERIA--TÉRMINO DE MATERIA
Término de materia o nombre geográfico como elemento de entrada Educación superior
Subdivisión general Legislación
Subdivisión geográfica República Dominicana
9 (RLIN) 10132
650 4# - PUNTO DE ACCESO ADICIONAL DE MATERIA--TÉRMINO DE MATERIA
Término de materia o nombre geográfico como elemento de entrada Educación superior
Subdivisión general Historia
Subdivisión geográfica República Dominicana
9 (RLIN) 10133
700 1# - PUNTO DE ACCESO ADICIONAL--NOMBRE DE PERSONA
Nombre de persona Reyes, Roberto
9 (RLIN) 10134
Término indicativo de función/relación Corretor de estilo
910 ## - DATOS DE OPCIÓN DEL USUARIO (OCLC)
Datos de opción del usuario Saquino
942 ## - ELEMENTOS DE PUNTO DE ACCESO ADICIONAL (KOHA)
Fuente del sistema de clasificación o colocación Dewey Decimal Classification
Tipo de ítem Koha Libro
Holdings
Estado de retiro Estado de pérdida Fuente del sistema de clasificación o colocación No para préstamo Código de colección Localización permanente Ubicación/localización actual Ubicación en estantería Fecha de adquisición Fuente de adquisición Total de préstamos Signatura topográfica completa Código de barras Fecha visto por última vez Número de copia Precio válido a partir de Tipo de ítem Koha Nota pública Restricciones de uso
    Dewey Decimal Classification Préstamo en sala Dominicana de Servicio Biblioteca Nacional Pedro Henríquez Ureña Biblioteca Nacional Pedro Henríquez Ureña Depósito 03.09.2009 Depósito Legal   BNPHU DS 344.074 F224e 3207-30 25.06.2020 e.3 25.06.2020 Libro S/A  
    Dewey Decimal Classification Préstamo en sala Dominicana de Servicio Biblioteca Nacional Pedro Henríquez Ureña Biblioteca Nacional Pedro Henríquez Ureña Depósito 05.02.2010 Depósito Legal   BNPHU DS 344.074 F224e 3207-40 25.06.2020 e.4 25.06.2020 Libro S/A  
    Dewey Decimal Classification Préstamo en sala Dominicana de Servicio Biblioteca Nacional Pedro Henríquez Ureña Biblioteca Nacional Pedro Henríquez Ureña Depósito 05.02.2010 Depósito Legal   BNPHU DS 344.074 F224e 3207-50 25.06.2020 e.5 25.06.2020 Libro S/A  
    Dewey Decimal Classification   Patrimonio Dominicano Biblioteca Nacional Pedro Henríquez Ureña Biblioteca Nacional Pedro Henríquez Ureña Depósito 07.07.2009 Depósito Legal   BNPHU PD 344.074 F224e 3207-10 25.06.2020   25.06.2020 Libro S/A Préstamo restringido
    Dewey Decimal Classification   Patrimonio Dominicano Biblioteca Nacional Pedro Henríquez Ureña Biblioteca Nacional Pedro Henríquez Ureña Depósito 07.07.2009 Depósito Legal   BNPHU PD 344.074 F224e 3207-20 25.06.2020 e.2 25.06.2020 Libro S/A Excluido de préstamo

Powered by Koha